00945nam a2200253 a 450000100060000000300080000600500170001400800410003103500190007204000180009104100080010908200260011710000390014324500510018226000460023330000250027950000200030450400300032465000340035494200120038899900170040095201320041795201420054954300BD-RjUL20211209080112.0161105r19611950nyu b 001 0 eng  a(BD-RjUL)54422 aDLCcDLCbeng aeng 223a519.542bWAS 19611 aWald, Abraham,d1902-1950.916211510aStatistical decision functions /cAbraham Wald aNew York :bWiley,cc1950 [printing 1961] aix, 179 p. ;c24 cm. aIncludes index. aBibliography: p. 169-172. 0aStatistical decision.9130490 2ddccBK c54300d54300 00102ddc40708NFICaRUCLbRUCLcStackd1965-12-16eZeithingerl0o519.542 WAS 1961r2016-11-05 00:00:00tC-2w2021-12-09yBK 00102ddc40718NFICaRUCLbRUCLcReadingd1965-01-16eZeitlingerg511.00l0o519.542 WAS 1961r2017-04-13 00:00:00tC-1w2017-04-13yBK